All the Cities in Pinellas County, Florida - Statistics

General Stats
  • This quiz has been taken 51 times
  • The average score is 13 of 24
Answer Stats
Population % Correct
116,478 Clearwater
100%
265,098 St. Petersburg
100%
84,996 Largo
90%
53,098 Pinellas Park
77%
25,571 Tarpon Springs
72%
36,580 Dunedin
67%
18,301 Safety Harbor
64%
9,649 St. Pete Beach
62%
14,841 Oldsmar
59%
18,886 Seminole
56%
6,947 Treasure Island
56%
12,401 Gulfport
54%
4,286 Indian Rocks Beach
54%
4,217 Belleair
46%
4,327 Madeira Beach
46%
5,059 Kenneth City
41%
1,476 Indian Shores
38%
1,609 Belleair Beach
33%
1,481 Redington Beach
33%
2,309 Redington Shores
33%
2,199 Belleair Bluffs
28%
5,117 South Pasadena
28%
114 Belleair Shore
23%
1,477 North Redington Beach
18%
No matching quizzes found
Score Distribution
Percent of People with Each Score
Percentile by Number Answered
Your Score History
You have not taken this quiz